Educación en valores para la ciudadanía: Estrategias y técnicas de aprendizaje /
| 1. autor: | |
|---|---|
| Format: | Książka |
| Język: | hiszpański |
| Wydane: |
Bilbao :
Desclée,
2016
|
| Hasła przedmiotowe: |
MARC
| LEADER | 00000nam a2200000 4500 | ||
|---|---|---|---|
| 008 | 180620b2016 sp ||||| |||| 00| | spa d | ||
| 999 | |c 3515 |d 3515 | ||
| 020 | |a 9788433028716 | ||
| 090 | |a 06.01.01 |b 2476 | ||
| 100 | |9 3798 |a Pérez Pérez, Cruz | ||
| 245 | 1 | 0 | |a Educación en valores para la ciudadanía: Estrategias y técnicas de aprendizaje / |c Cruz Pérez Pérez |
| 260 | |a Bilbao : |b Desclée, |c 2016 | ||
| 300 | |a 255 páginas | ||
| 650 | 1 | 0 | |a EDUCACIÓN EN VALORES |9 719 |
| 650 | 1 | 4 | |9 693 |a VALORES MORALES |
| 650 | 1 | 4 | |9 812 |a ESTRATEGIAS EDUCATIVAS |
| 942 | |i 004472 |h 06.01.01 2476 |2 z |c 01 | ||
